[Event "BCSA Open"]
[Site "Batumi GEO"]
[Date "2003.07.20"]
[Round "4"]
[White "Gakhokidze,T"]
[Black "Dzagnidze,N"]
[Result "0-1"]
[WhiteElo "2038"]
[BlackElo "2446"]

1.Nf3 d5 2.g3 c5 3.Bg2 Nc6 4.d4 Nf6 5.O-O Bg4 6.Ne5 cxd4 7.Nxg4 Nxg4 8.e3 Nf6
9.exd4 e6 10.c3 Bd6 11.Bg5 h6 12.Bxf6 Qxf6 13.Nd2 O-O 14.Re1 b5 15.Nf3 Rfc8
16.Rc1 Rab8 17.Qd3 Rc7 18.h3 Qd8 19.Ne5 Bxe5 20.dxe5 Ne7 21.Kh2 Rc5 22.Qd2 Qc7
23.Bf1 Rc8 24.Qd4 b4 25.Qxb4 Rb8 26.Qa3 Ra5 27.Qd6 Qb7 28.a3 Nf5 29.Qb4 Qc7
30.Qf4 Rxb2 31.g4 g5 32.Qf3 Nh4 33.Qf6 Rxa3 34.Rb1 Rxb1 35.Rxb1 Qxe5+ 36.Qxe5 Nf3+
37.Kg2 Nxe5 38.Re1 Ng6 39.c4 Nf4+ 40.Kg1 dxc4 41.Bxc4 Nxh3+ 42.Kf1 Rc3 43.Be2 Nf4
44.Bb5 a5 45.Ra1 Rc5 46.Be8 Kf8 47.Ba4 Nd3 48.Rd1 Nb2 49.Rd8+ Ke7 50.Re8+ Kf6
51.Bd7 Nd3 52.Ra8 Ne5  0-1

[Event "24th Open"]
[Site "Bled SLO"]
[Date "2003.07.20"]
[Round "9"]
[White "Vitaljic,N"]
[Black "Buha,D"]
[Result "1-0"]
[WhiteElo "2181"]
[BlackElo "2071"]

1.Nf3 d5 2.g3 Nc6 3.Bg2 e5 4.O-O e4 5.Ne1 Nf6 6.d3 Bf5 7.Bg5 Be7 8.Nc3 h6
9.Bxf6 Bxf6 10.dxe4 dxe4 11.Nxe4 Bxb2 12.Qxd8+ Rxd8 13.Rb1 Bd4 14.Nd3 b6
15.e3 Be5 16.Nec5 Ne7 17.Nxe5 bxc5 18.Rb5 f6 19.Nc6 Bd7 20.Rxc5 Bxc6 21.Bxc6+ Nxc6
22.Rxc6 Kd7 23.Ra6 Ra8 24.Rd1+ Kc8 25.Rd4 Re8 26.Ra3 Re7 27.Rad3 Kb7 28.Rb3+ Kc8
29.Kf1 Re6 30.Rg4 Re7 31.Ke2 Rd7 32.h4 Rb8 33.Rd4 Re7 34.Rd8+ Kxd8 35.Rxb8+ Kd7
36.Ra8 Kc6 37.Rxa7 Kb6 38.Ra8 Rd7 39.Rb8+ Kc5 40.Rb7 Kc4 41.a4 g5 42.a5 Kc3
43.Kf3 Kxc2 44.a6 Rd6 45.Rxc7+ Kd3 46.a7 Ra6 47.Rd7+ Kc4 48.Kg4 Kc5 49.Kf5 Ra2
50.hxg5  1-0

[Event "3rd Savaria Summer Open"]
[Site "Szombathely HUN"]
[Date "2003.07.20"]
[Round "2"]
[White "Sergeev,Vl"]
[Black "Szollosi,L jr"]
[Result "1/2-1/2"]
[WhiteElo "2451"]
[BlackElo "2261"]

1.Nf3 d5 2.g3 c6 3.Bg2 g6 4.O-O Bg7 5.c3 Nf6 6.d3 O-O 7.Nbd2 Re8 8.e4 e5
9.Re1 Bg4 10.Qc2 Nbd7 11.h3 Bxf3 12.Nxf3 Qc7 13.Be3 Rad8 14.Rad1 b6 15.b4 dxe4
16.dxe4 c5 17.b5 Nf8 18.Nd2 Rd7 19.Nc4 Red8 20.a4 Ne6 21.Rxd7 Rxd7 22.Ra1 Ne8
23.h4 Nd6 24.Bf1 Nxc4 25.Bxc4 Qd8 26.a5 Nc7 27.axb6 axb6 28.Qb3 h5 29.Bxc5 bxc5
30.b6 Bf8 31.Ra7 Kg7 32.Kg2 Bd6 33.Qa4 Re7 34.bxc7 Rxc7 35.Ra6 Qd7 36.Qa5 Be7
37.Bd5 Bxh4 38.Qb6 Bd8 39.Qb8 Qc8 40.Qb5 Qd7 41.Qc4 h4 42.Ra8 hxg3 43.fxg3 Qg4
44.Ra2 Bh4 45.Qd3 c4 46.Qe3 Bg5 47.Qb6 Bf4 48.Qf2 Rd7 49.Ra1 f5 50.Qf3 Qxf3+
51.Kxf3 Bd2 52.Ra3 Kf6 53.Ke2 fxe4 54.Bxe4 Rd6 55.Kf3 Be1 56.Kg4 Bf2 57.Kf3 Be1
58.Kg2 Kg5 59.Kf3 Kf6 60.Ra1 Bxc3 61.Rc1 Bb4 62.Rxc4  1/2-1/2

[Event "ch-GBR"]
[Site "Edinburgh SCO"]
[Date "2003.07.21"]
[Round "7"]
[White "Gourlay,I"]
[Black "Guthrie,D"]
[Result "1-0"]
[WhiteElo "2284"]
[BlackElo "2183"]

1.Nf3 d5 2.g3 Nf6 3.Bg2 e6 4.O-O Be7 5.c4 O-O 6.b3 c5 7.Bb2 Nc6 8.e3 d4 9.exd4 cxd4
10.Re1 Ne8 11.d3 f6 12.Na3 e5 13.Nc2 a5 14.a3 Nc7 15.Qd2 Na6 16.Rab1 Nc5
17.b4 Na4 18.Nh4 Qc7 19.Qe2 g5 20.b5 Nd8 21.Nf3 Bd6 22.Nd2 Ne6 23.Bd5 Nc5
24.Ne4 Kh8 25.Nxc5 Nxc5 26.f4 gxf4 27.gxf4 Ne6 28.Bc1 Bd7 29.Kh1 Rae8 30.f5 Ng7
31.Bh6 Bxf5 32.Rg1 Re7 33.Rbf1 Qd7 34.Rg3 Be6 35.Bxe6 Qxe6 36.Nxd4 Qd7 37.Rfg1 Rff7
38.Nc2 f5 39.Qh5 Bc5 40.R1g2 b6 41.Qf3 Qc8 42.Qc6 Qxc6 43.bxc6 Bd6 44.Ne3  1-0

[Event "3rd Savaria Summer Open"]
[Site "Szombathely HUN"]
[Date "2003.07.21"]
[Round "3"]
[White "Nemeth,Z"]
[Black "Galyas,M"]
[Result "0-1"]
[WhiteElo "2345"]
[BlackElo "2419"]

1.Nf3 d5 2.g3 Nf6 3.Bg2 c6 4.O-O Bg4 5.d4 Nbd7 6.Nbd2 e6 7.Re1 Be7 8.c3 O-O
9.e4 Bh5 10.Qb3 Rb8 11.Ne5 Nxe5 12.dxe5 Nd7 13.exd5 Nc5 14.Qc4 cxd5 15.Qd4 Bg6
16.Bf1 Rc8 17.Nb3 Qc7 18.Be3 Nd7 19.f4 Nb6 20.Na5 Nd7 21.Nb3 Nb6 22.Nd2 Rfd8
23.a4 Nd7 24.Nf3 Bc5 25.Qd2 Be4 26.Ng5 Bg6 27.Qf2 Bxe3 28.Qxe3 Qc5 29.a5 Qxe3+
30.Rxe3 Nc5 31.Nf3 Nb3 32.Ra4 Rc5 33.a6 bxa6 34.Rb4 Na5 35.Bxa6 h6 36.Ra4 Nb3
37.Bd3 Bxd3 38.Rxd3 a5 39.c4 Rb8 40.cxd5 Rc1+ 41.Kg2 Nc5 42.Rad4 Nxd3 43.Rxd3 Rxb2+
44.Kh3 exd5 45.Rxd5 a4 46.f5 a3 47.Rd8+ Kh7 48.Rd7 a2 49.Rxf7 a1=Q 50.f6 Qa8
51.fxg7 Qg8  0-1

[Event "zt 3.3 w"]
[Site "Yongchuan CHN"]
[Date "2003.07.21"]
[Round "9"]
[White "Zhang Jilin"]
[Black "Wang Yu"]
[Result "1-0"]
[WhiteElo "2300"]
[BlackElo "2357"]

1.Nf3 d5 2.g3 Nf6 3.Bg2 c5 4.O-O Nc6 5.d4 e6 6.Bf4 Be7 7.c3 O-O 8.Nbd2 b6
9.Qc2 Bb7 10.dxc5 bxc5 11.Rad1 Qb6 12.e4 Nxe4 13.Nxe4 dxe4 14.Ng5 Bxg5 15.Bxg5 Ne5
16.Bxe4 Nf3+ 17.Bxf3 Bxf3 18.Rd2 Qc6 19.Qd3 h6 20.Be7 Rfe8 21.Bxc5 e5 22.Be3 Qf6
23.h3 Rad8 24.Qc2 Qe6 25.Kh2 h5 26.Qa4 Rxd2 27.Bxd2 Bc6 28.Qa6 Qd5 29.Rg1 Rd8
30.Be3 Qf3 31.Qf1 a5 32.b4 axb4 33.cxb4 Ra8 34.b5 Bb7 35.Qd1 Qe4 36.Qb1 Qf3
37.Qd1 Qe4 38.Qb1 Qd5 39.Qb3 Qf3 40.Qd1 Qe4 41.Qb1 Qc4 42.Qb3 Qe2 43.a4 Rd8
44.Bb6 Rd3 45.Qb1 Qf3 46.Qe1 Rb3 47.Qd1 Qc3 48.Qxh5 Rb2 49.Qd1 Rd2 50.Qe1 Qd3
51.Qxe5 Qf3 52.Qe8+ Kh7 53.Qe3 Qd5 54.Qe1 Bc8 55.a5 Rd3 56.Qe2  1-0

[Event "TCh-Europe u18"]
[Site "Balatonlelle HUN"]
[Date "2003.07.22"]
[Round "4"]
[White "Gasthofer,A"]
[Black "Heberla,B"]
[Result "1/2-1/2"]
[WhiteElo "2412"]
[BlackElo "2420"]

1.Nf3 d5 2.g3 Nf6 3.Bg2 e6 4.O-O Be7 5.d4 O-O 6.c4 dxc4 7.Ne5 Nc6 8.Bxc6 bxc6
9.Nxc6 Qe8 10.Nxe7+ Qxe7 11.Qa4 c5 12.Qxc4 cxd4 13.Qxd4 e5 14.Qh4 Qe6 15.Nc3 Bb7
16.Bg5 Nd5 17.Nxd5 Qxd5 18.e4 Qe6 19.Be3 f6 20.f3 Rfd8 21.Qg4 Qxg4 22.fxg4 Bxe4
23.Rfd1 a6 24.Kf2 Kf7 25.Rac1 Ke6 26.b4 Rxd1 27.Rxd1 Bd5 28.a3 g5 29.Rc1 Rh8
30.a4 h5 31.gxh5 Rxh5 32.Kg1 Rh8 33.b5 axb5 34.axb5 Ra8 35.b6 Ra3 36.Bf2 f5
37.h4 gxh4 38.gxh4 f4 39.Rb1 Bb7 40.Rc1 Kf5 41.Be1 Rb3 42.Rc5 Rb1 43.Kf2 Rb2+
44.Kg1 Rb1 45.Kf2 Rb2+ 46.Kg1  1/2-1/2

[Event "26th Open"]
[Site "Ghent BEL"]
[Date "2003.07.22"]
[Round "7"]
[White "Dutreeuw,M"]
[Black "Van der Stricht,G"]
[Result "1/2-1/2"]
[WhiteElo "2316"]
[BlackElo "2450"]

1.Nf3 d5 2.g3 c6 3.Bg2 Bg4 4.b3 Nd7 5.Bb2 e6 6.O-O Ngf6 7.c4 Be7 8.d3 O-O
9.Nbd2 a5 10.a3 Re8 11.Re1 Bf8 12.Ne5 Nxe5 13.Bxe5 Nd7 14.Bb2 Bh5 15.Rc1 Nc5
16.Bf3 Bxf3 17.Nxf3 a4 18.b4 Nb3 19.Rc2 dxc4 20.Rxc4 c5 21.bxc5 Bxc5 22.Nd2 Qa5
23.Nxb3 axb3 24.Rf1 Bxa3 25.Qxb3 b5 26.Rg4 Bf8 27.Ra1 Qd2 28.Rxa8 Rxa8 29.Qxb5 Qxe2
30.Rf4 Qe1+ 31.Kg2 Qa5 32.Qxa5 Rxa5 33.Rc4 Rd5  1/2-1/2

[Event "Quebec Open"]
[Site "Montreal CAN"]
[Date "2003.07.22"]
[Round "7"]
[White "Hebert,J"]
[Black "Nogueiras,J"]
[Result "1/2-1/2"]
[WhiteElo "2422"]
[BlackElo "2521"]

1.Nf3 d5 2.g3 Nf6 3.Bg2 e6 4.O-O Be7 5.d4 O-O 6.b3 b6 7.c4 Bb7 8.Nc3 Nbd7
9.Bb2 Re8 10.e3 c5 11.Ne5 cxd4 12.exd4 Rc8 13.Rc1 Bd6 14.Qe2 a6 15.f4 Rc7
16.g4 Bb4 17.g5 Bxc3 18.Rxc3 Ne4 19.Rh3 Nf8 20.Bxe4 dxe4 21.Qh5 b5 22.Rc1 bxc4
23.bxc4 e3 24.Rxe3 Ree7 25.Rg3 Be4 26.Qe2 Ba8 27.Rd1 Ng6 28.Nxg6 fxg6 29.Ba3 Re8
30.Re3 Qc8 31.d5 Rxc4 32.Rxe6 Rd8 33.Qe5 Rc7 34.h3 Bb7 35.Bb2 Rf7 36.Rc1 Qd7
37.d6 Bc6 38.Re1 Qb7 39.Re7 Rxe7 40.Qxe7 Qxe7 41.dxe7 Rb8 42.Ba3 Kf7 43.Kf2 Be8
44.Rd1 Rb5 45.Rd2 Ra5 46.Bd6 Ke6 47.Bb4 Ra4 48.a3 a5 49.Bd6 Rc4 50.Rd3 Rc6
51.Be5 Kxe7 52.Bxg7 Bf7 53.Bf6+ Ke6 54.Re3+ Kf5 55.Kg3 Rc5 56.h4 h5 57.Bd4 Rd5
58.Bc3 Be6  1/2-1/2

[Event "MTO"]
[Site "Biel SUI"]
[Date "2003.07.23"]
[Round "3"]
[White "Benkovic,P"]
[Black "Avrukh,B"]
[Result "0-1"]
[WhiteElo "2474"]
[BlackElo "2557"]

1.Nf3 d5 2.g3 c6 3.Bg2 Bg4 4.b3 Nd7 5.Bb2 Ngf6 6.O-O e6 7.d3 Bc5 8.Nbd2 O-O
9.h3 Bh5 10.e4 a5 11.a3 b5 12.Qe2 Rc8 13.Rfd1 Qb6 14.Rab1 b4 15.a4 Ne8 16.g4 Bg6
17.Nf1 Nc7 18.Ng3 f6 19.h4 f5 20.gxf5 exf5 21.h5 fxe4 22.dxe4 Bxe4 23.Nxe4 Rce8
24.Nd4 dxe4 25.h6 g6 26.Bxe4 Ne5 27.Rd2 Rf4 28.Kg2 Nf7 29.f3 Nd5 30.Bxd5 Rxe2+
31.Nxe2 Be3 32.Rd3 cxd5 33.Nxf4 Bxf4 34.Re1 Qc6 35.c4 dxc4 36.bxc4 Bxh6 37.Re7 Bf8
38.Re4 Qxa4 39.Rd2 Qc6 40.Rde2 Nd6  0-1

[Event "25th Politiken Cup"]
[Site "Copenhagen DEN"]
[Date "2003.07.23"]
[Round "9"]
[White "Werner,G"]
[Black "Nielsen,Th1"]
[Result "1/2-1/2"]
[WhiteElo "2130"]
[BlackElo "2028"]

1.Nf3 d5 2.g3 Bg4 3.Bg2 c6 4.c4 Nf6 5.Qb3 Qb6 6.Qxb6 axb6 7.cxd5 Nxd5 8.O-O Nd7
9.d4 e6 10.a3 b5 11.Nc3 b4 12.Nxd5 exd5 13.Bd2 bxa3 14.bxa3 Rxa3 15.Rxa3 Bxa3
16.Ra1 Bd6 17.Ra7 b5 18.Ra8+ Nb8 19.Ne5 Bxe5 20.dxe5 Kd7 21.Bc3 Rc8 22.e4 Be6
23.f4 g6 24.Bd4 c5 25.exd5 cxd4 26.dxe6+ fxe6 27.Ra5 Rc1+ 28.Kf2 Rc2+ 29.Kf1 Rc1+
30.Ke2 Rc2+ 31.Kf1 Rc1+ 32.Ke2 Rc2+  1/2-1/2

[Event "ch-NED Open"]
[Site "Dieren NED"]
[Date "2003.07.23"]
[Round "2"]
[White "Hartoch,R"]
[Black "Ris,R"]
[Result "1/2-1/2"]
[WhiteElo "2318"]
[BlackElo "2205"]

1.Nf3 d5 2.g3 c6 3.Bg2 Bg4 4.O-O Nd7 5.d3 Ngf6 6.Qe1 e5 7.e4 dxe4 8.dxe4 Bc5
9.Nbd2 O-O 10.h3 Bh5 11.Nb3 Bb6 12.a4 a5 13.Be3 Bxf3 14.Bxf3 Bxe3 15.Qxe3 Qb6
16.Rfe1 Qb4 17.Bd1 Rfd8 18.c3 Qe7 19.Kg2 b6 20.Bc2 Nc5 21.Nxc5 Qxc5 22.Qe2 Rd6
23.Red1 Rad8 24.Rxd6 Rxd6 25.Rd1 g6 26.Rxd6 Qxd6 27.Qc4 Qe6 28.Qxe6 fxe6
29.Kf3 Kf7 30.Ke3 Ke7 31.Kd3 Kd6 32.b4 g5 33.Kc4 h5 34.f3 h4 35.g4 Nd7 36.Bd3 Nf8
37.Bf1 Ng6 38.Be2 Nf4 39.Bf1 Kd7 40.Kb3 Kc7 41.Kc4 Ng6 42.Be2 Ne7 43.Bf1 Nc8
44.Kb3  1/2-1/2

[Event "11th Open"]
[Site "St Affrique FRA"]
[Date "2003.07.23"]
[Round "6"]
[White "Badea,B"]
[Black "Milliet,S"]
[Result "1-0"]
[WhiteElo "2499"]
[BlackElo "2275"]

1.Nf3 d5 2.g3 Nc6 3.d4 Bg4 4.Bg2 Qd7 5.h3 Bh5 6.c3 O-O-O 7.Nbd2 f6 8.b4 e5
9.b5 Nb8 10.dxe5 Qxb5 11.Qb3 Qa6 12.O-O Nc6 13.e4 Bf7 14.a4 Bc5 15.exf6 Nxf6
16.e5 Nh5 17.Qb5 Bb6 18.Qxa6 bxa6 19.Kh2 Bg6 20.Nb3 Bd3 21.Nbd4 Bxd4 22.cxd4 Bxf1
23.Bxf1 Rdf8 24.Bxa6+ Kd7 25.Be2 Nb4 26.Kg2 Nc2 27.Ra2 Rxf3 28.Rxc2 Rff8
29.Bb5+ Kc8 30.g4 Rf7 31.gxh5 Rhf8 32.Be3 Rf5 33.Be2 Kd8 34.Bg4  1-0

[Event "BCSA Open"]
[Site "Batumi GEO"]
[Date "2003.07.24"]
[Round "8"]
[White "Haroutjunian,G"]
[Black "Purtseladze,M"]
[Result "0-1"]
[WhiteElo "2380"]
[BlackElo "2217"]

1.Nf3 d5 2.g3 c6 3.b3 Bg4 4.Bb2 Nd7 5.Bg2 e6 6.d3 Ngf6 7.Nbd2 Bd6 8.O-O O-O
9.Qe1 a5 10.e4 Ne8 11.a3 Nc7 12.c4 Re8 13.h3 Bh5 14.d4 c5 15.Qe3 cxd4 16.Nxd4 e5
17.Nf5 d4 18.Qd3 Nc5 19.Qc2 Bf8 20.Rfb1 f6 21.b4 N5a6 22.c5 axb4 23.axb4 Bf7
24.Ra4 g6 25.Nh4 Nb5 26.Bf1 Qd7 27.Nc4 Qc6 28.Nb6 Rad8 29.Qd3 Nac7 30.Ra5 Nc3
31.Re1 Na8 32.Rxa8 Rxa8 33.Bxc3 Ra3 34.Nd5 dxc3 35.Qf3 Bg7 36.Ng2 f5 37.Bc4 b5
38.exf5 Qa8 39.fxg6 hxg6 40.Bb3 Qd8 41.Qd1 Rxb3 42.Qxb3 Qxd5 43.Qxc3 Qc4
44.Qd2 Qd4 45.Qg5 Qxb4 46.c6 Qe7 47.Qd2 Qc7 48.Rc1 Bc4  0-1

[Event "BCSA Open"]
[Site "Batumi GEO"]
[Date "2003.07.24"]
[Round "8"]
[White "Gakhokidze,T"]
[Black "Khotenashvili,B"]
[Result "1/2-1/2"]
[WhiteElo "2038"]
[BlackElo "2240"]

1.Nf3 d5 2.g3 c6 3.Bg2 Bg4 4.O-O Nd7 5.d4 Ngf6 6.Nbd2 e6 7.Re1 Be7 8.e4 dxe4
9.Nxe4 Nxe4 10.Rxe4 Nf6 11.Re1 O-O 12.c3 Qb6 13.Qb3 Rfd8 14.Ne5 Bf5 15.Nc4 Qxb3
16.axb3 Nd5 17.Bd2 h6 18.b4 Bf6 19.Na5 Rd7 20.Nb3 b6 21.Be3 Rc8 22.Nd2 Be7
23.Nc4 Bf6 24.Nd2 Rcd8 25.Nf3 Rc7 26.Ra3 Be7 27.Ra2 Bd6 28.Nd2 Bd3 29.Bf1 Bxf1
30.Kxf1 Rcd7 31.Nc4 Bb8 32.Bc1 Re7 33.Ne3 Nxe3+ 34.Bxe3 e5 35.Raa1 e4 36.h4 f5
37.Ke2 Kf7 38.h5 g5 39.hxg6+ Kxg6 40.Rh1 h5 41.Rh4 Rde8 42.Rah1 Rh7 43.Bf4 Bxf4
44.Rxf4 a5 45.bxa5 bxa5 46.Ra1 Rb7 47.Rxa5 Rxb2+ 48.Kf1 Rb1+ 49.Kg2 Rb5 50.Ra6 Rc8
51.c4 Rb4 52.Ra5 Rf8 53.Rc5 Rf6 54.Kf1 Rb2 55.Ke1 Rc2 56.Kd1 Rc3 57.Ke2 Ra3
58.f3 Ra2+ 59.Ke3 Ra3+ 60.Ke2 exf3+ 61.Rxf3 Rxf3 62.Kxf3 Rd6 63.d5 cxd5 64.Rxd5 Rc6
65.Rd4 Kg5 66.Ke3 Rc8 67.Kd2 Rc7 68.Kc3  1/2-1/2

[Event "26th Asian Juniors Girls"]
[Site "Negombo SRI"]
[Date "2003.07.24"]
[Round "8"]
[White "Luong Phuong Hanh"]
[Black "Saheli,N"]
[Result "0-1"]
[WhiteElo "2143"]
[BlackElo "2102"]

1.Nf3 d5 2.g3 Nf6 3.Bg2 Bf5 4.b3 e6 5.Bb2 h6 6.O-O Be7 7.Ne5 O-O 8.d4 Nbd7
9.Nd2 c5 10.Nxd7 Nxd7 11.e4 dxe4 12.Nxe4 Rb8 13.Qe2 Qc7 14.Rad1 Bxe4 15.Bxe4 Bf6
16.c3 cxd4 17.cxd4 Nb6 18.Bc1 Qe7 19.Qh5 Bg5 20.Bb2 f5 21.Bg2 Qf7 22.Qe2 Nd5
23.Rfe1 Rfe8 24.Bf3 Rbc8 25.Bh5 g6 26.Bf3 a6 27.a3 Qd7 28.Qd3 Kf7 29.h4 Bf6
30.Qd2 Kg7 31.Re2 g5 32.Bh5 Rh8 33.Rde1 Rc6 34.Rc1 Rb6 35.a4 gxh4 36.Qe1 hxg3
37.fxg3 a5 38.Kh2 Rxb3 39.Qxa5 Qd6 40.Rg1 Kh7 41.Rgg2 Ne3 42.Rgf2 Nc4 43.Qe1 Qxg3+
44.Kh1 Bh4 45.Bc1 Qh3+ 46.Rh2 Bxe1  0-1

[Event "25th Politiken Cup"]
[Site "Copenhagen DEN"]
[Date "2003.07.25"]
[Round "11"]
[White "Larsen,All"]
[Black "Ostergaard,R"]
[Result "1/2-1/2"]
[WhiteElo "2160"]
[BlackElo "2166"]

1.Nf3 d5 2.g3 c6 3.Bg2 Bg4 4.d3 Nd7 5.Nbd2 e5 6.O-O Ngf6 7.h3 Bh5 8.Nh4 Be7
9.Nf5 O-O 10.g4 Bg6 11.Ng3 Re8 12.e3 d4 13.e4  1/2-1/2

[Event "ch-GBR"]
[Site "Edinburgh SCO"]
[Date "2003.07.25"]
[Round "11"]
[White "Vijayalakshmi,S"]
[Black "Abdulla,AlR"]
[Result "0-1"]
[WhiteElo "2435"]
[BlackElo "2387"]

1.Nf3 d5 2.g3 c6 3.Bg2 Bg4 4.O-O Nd7 5.d3 e6 6.Nbd2 Bd6 7.h3 Bh5 8.b3 Ngf6
9.Bb2 O-O 10.e4 e5 11.Qe2 Re8 12.a3 Qb6 13.g4 Bg6 14.Nh4 Rad8 15.Bf3 Nc5
16.g5 Nfd7 17.exd5 e4 18.dxe4 cxd5 19.Nxg6 hxg6 20.Rfe1 Bf4 21.h4 Na4 22.Bxg7 Kxg7
23.bxa4 Re5 24.Bg4 f5 25.gxf6+ Qxf6 26.Nf3 Rxe4 27.Qf1 Be5 28.Nxe5 Nxe5 29.f3 Rf4
30.Qe2 Nxg4 31.fxg4 Re4 32.Qg2 Qd4+ 33.Kh2 Rxg4 34.Qf3 Rf8 35.Re7+ Kg8 36.c3 Rxh4+
37.Kg2 Qd2+ 38.Re2 Qg5+ 39.Qg3 Rg4  0-1

[Event "KB Czech Open"]
[Site "Pardubice CZE"]
[Date "2003.07.25"]
[Round "8"]
[White "Psakhis,L"]
[Black "Sandipan,C"]
[Result "1/2-1/2"]
[WhiteElo "2550"]
[BlackElo "2469"]

1.Nf3 d5 2.g3 Nf6 3.Bg2 e6 4.O-O Be7 5.d4 O-O 6.c4 dxc4 7.Qc2 a6 8.a4 Bd7
9.Qxc4 Bc6 10.Bg5 Bd5 11.Qc2 Be4 12.Qd1 c5 13.Nbd2 Bc6 14.dxc5 Bxc5 15.Nb3 Be7
16.Qxd8 Rxd8 17.Na5 h6 18.Bf4 Nd5 19.Bd2 Nb6 20.Be3 Nd5 21.Bd2 Nb6  1/2-1/2

[Event "3rd Savaria Summer Open"]
[Site "Szombathely HUN"]
[Date "2003.07.25"]
[Round "7"]
[White "Tsifanskaya,L"]
[Black "Vujosevic,V"]
[Result "1/2-1/2"]
[WhiteElo "2235"]
[BlackElo "2337"]

1.Nf3 d5 2.g3 Nf6 3.Bg2 e6 4.O-O Be7 5.d3 c5 6.Nbd2 Nc6 7.e4 O-O 8.Re1 b5
9.e5 Nd7 10.c3 a5 11.h4 a4 12.Nf1 Nb6 13.h5 b4 14.a3 Na5 15.Bf4 Nb3 16.Ra2 Ba6
17.h6 g6 18.N1h2 Bb5 19.Ng4 Nd7 20.Bf1 Bc6 21.d4 bxc3 22.bxc3 Rb8 23.dxc5 Nbxc5
24.Nd4 Ba8 25.Qc1 Re8 26.f3 Nb3 27.Qd1 Bc5 28.Nf6+ Nxf6 29.exf6 Rb6 30.Be5 Bxd4+
31.cxd4 Qd7 32.Rc2 Rc8 33.Re3 Na5 34.Rxc8+ Qxc8 35.Qxa4 Nc4 36.Rb3 Bc6 37.Rxb6 Bxa4
38.Rb8 Qxb8 39.Bxb8 Kf8 40.Kf2 Ke8 41.Bd3 Nxa3 42.Bd6  1/2-1/2

[Event "TCh-Europe u18"]
[Site "Balatonlelle HUN"]
[Date "2003.07.26"]
[Round "7"]
[White "Gasthofer,A"]
[Black "Erdos,V"]
[Result "1/2-1/2"]
[WhiteElo "2412"]
[BlackElo "2420"]

1.Nf3 d5 2.g3 Nf6 3.Bg2 c6 4.O-O Bg4 5.d3 Nbd7 6.Nbd2 e5 7.e4 Bd6 8.h3 Bh5
9.Qe1 O-O 10.Nh4 Re8 11.a4 a5 12.Nb3 Bb4 13.Bd2 Bxd2 14.Qxd2 Qb6 15.Rfe1 dxe4
16.dxe4 Nc5 17.Qe3 Nfd7 18.Nxc5 Qxc5 19.Bf3 Bxf3 20.Nxf3 Rad8 21.Qe2 Qb4
22.b3 Nc5 23.Rad1 Rxd1 24.Rxd1 Nxe4 25.Nxe5 Nf6 26.f4 Nd5 27.Qd2 f6 28.Qxb4 axb4
29.Nc4 Re2 30.Rd2 Re7 31.Kf2 Kf8 32.Re2 Rd7 33.Rd2 Re7 34.Kf3 g6 35.Re2 Rd7
36.Rd2 Re7 37.Re2 Rd7 38.Rd2 Re7  1/2-1/2

[Event "ch-NED Open"]
[Site "Dieren NED"]
[Date "2003.07.26"]
[Round "5"]
[White "Vogel,Ja"]
[Black "Bensdorp,M"]
[Result "1-0"]
[WhiteElo "2266"]
[BlackElo "2164"]

1.Nf3 d5 2.g3 Bg4 3.Bg2 c6 4.b3 Nd7 5.Bb2 Ngf6 6.c4 e6 7.O-O Bd6 8.d4 O-O
9.Ne5 Bf5 10.Nd2 h6 11.h3 a5 12.a3 Re8 13.e3 Qc7 14.f4 Nf8 15.c5 Bxe5 16.dxe5 N6d7
17.e4 dxe4 18.Bd4 e3 19.Nc4 Red8 20.Nd6 Bh7 21.Qh5 Bg6 22.Qe2 f6 23.Qxe3 fxe5
24.fxe5 Nh7 25.h4 Rf8 26.Bh3 Rxf1+ 27.Rxf1 Nhf8 28.Rf2 Rb8 29.b4 axb4 30.axb4 Qd8
31.Qf3 Qe7 32.Kh2 Nh7 33.Qb3 Nhf8 34.Bg4 b6 35.cxb6 Nxb6 36.h5 Be8 37.Bxb6 Rxb6
38.Nc8 Qxb4 39.Bxe6+  1-0

[Event "KB Czech Open"]
[Site "Pardubice CZE"]
[Date "2003.07.26"]
[Round "9"]
[White "Hausrath,D"]
[Black "Potkin,V"]
[Result "0-1"]
[WhiteElo "2448"]
[BlackElo "2518"]

1.Nf3 d5 2.g3 Nf6 3.Bg2 c6 4.c4 dxc4 5.O-O Be6 6.Na3 Bd5 7.Qc2 Be4 8.Qxc4 Nbd7
9.Qb3 Qb6 10.Qd1 e6 11.Nc4 Qc7 12.d3 Bxf3 13.Bxf3 Be7 14.b3 O-O 15.Bb2 Nd5
16.e4 N5b6 17.Ne3 f5 18.Bg2 f4 19.Qg4 Bf6 20.Bxf6 Rxf6 21.gxf4 Qxf4 22.Qxf4 Rxf4
23.d4 Nf6 24.f3 Nh5 25.a4 a6 26.Bh3 Rf6 27.Ng2 g5 28.Rac1 Rd8 29.a5 Nd7 30.Rc4 Nf8
31.Bg4 Nf4 32.Nxf4 Rxf4 33.Rb4 Rf7 34.Kg2 Re7 35.Bh5 Kg7 36.f4 Kh6 37.Be2 gxf4
38.Rxf4 Ng6 39.Rf2 e5 40.dxe5 Nxe5 41.Rf5 Rd2 42.Kf1 Ra2 43.Rd4 Kg7 44.b4 Rb2
45.h4 Rf7 46.Rxf7+ Kxf7 47.Ke1 Ke7 48.Kd1 h6 49.Ke1 Ke6 50.Kd1 Ke7 51.Ke1 Rb3
52.Kf2 Rh3 53.h5 Rb3 54.Kg2 Re3 55.Kf2 Rb3 56.Kg2 Rb2 57.Kf1 Kf6 58.Rd8 Rxb4
59.Rb8 c5 60.Rf8+ Kg7 61.Rc8 c4 62.Ke1 Nc6 63.Kd2 Nxa5 64.e5 Nc6 65.Rc7+ Kf8
66.e6 Rb2+ 67.Ke3 c3 68.Bd3 Rh2 69.Rxb7 c2 70.Rf7+ Ke8 71.Rf1 Nb4 72.Bc4 Rxh5
73.Kd2 Rc5 74.Bb3 h5 75.Re1 Nd3  0-1

[Event "ch-NED Open"]
[Site "Dieren NED"]
[Date "2003.07.28"]
[Round "6"]
[White "Hartoch,R"]
[Black "Van Ruitenburg,J"]
[Result "1/2-1/2"]
[WhiteElo "2318"]
[BlackElo "2196"]

1.Nf3 d5 2.g3 c6 3.Bg2 Bg4 4.O-O Nd7 5.d3 Ngf6 6.Qe1 e5 7.e4 dxe4 8.dxe4 Bc5
9.Nbd2 O-O 10.h3 Bh5 11.Nb3 Bb6 12.a4 a5 13.Bd2 Bxf3 14.Bxf3 Nc5 15.Nxc5 Bxc5
16.Qe2 Qd7 17.Kg2 Qe6 18.Rfd1 b6 19.Be1 Rfb8 20.Rd3 h6 21.Bg4 Nxg4 22.Qxg4 Qc4
23.Qe2 b5 24.b3 Qe6 25.axb5 Rxb5 26.c4 Rb7 27.Rxa5 Rxa5 28.Bxa5 Bd4 29.Qg4 Qxg4
30.hxg4 c5 31.Bd2 Ra7 32.g5 hxg5 33.Bxg5 f6 34.Be3 Kf7 35.Kf3 Ke6 36.Ke2 Ra2+
37.Bd2 Rb2 38.g4 g6 39.f3 f5 40.gxf5+ gxf5 41.exf5+ Kxf5 42.Kd1 e4 43.fxe4+ Kxe4
44.Rh3 Ra2 45.Ke2 Rb2 46.Rh4+ Ke5 47.Rh5+ Ke4 48.Rh4+ Ke5 49.Rh3 Ke4 50.Kd1 Ra2
51.Rg3 Ra1+ 52.Ke2 Ra2 53.Rg4+ Kf5 54.Rg5+ Ke4  1/2-1/2

[Event "16th Open"]
[Site "Kiel GER"]
[Date "2003.07.28"]
[Round "5"]
[White "Voelzke,F"]
[Black "Joppien,A"]
[Result "1/2-1/2"]
[WhiteElo "2207"]
[BlackElo "2085"]

1.Nf3 d5 2.g3 e6 3.Bg2 c5 4.O-O Nf6 5.c4 Nc6 6.d4 dxc4 7.Qa4 Bd7 8.Qxc4 cxd4
9.Nxd4 Rc8 10.Nc3 Be7 11.Rd1 Na5 12.Qd3 O-O 13.Ndb5 Qb6 14.Be3 Bxb5 15.Qxb5 Qxb5
16.Nxb5 a6 17.Nd6 Bxd6 18.Rxd6 Nc4 19.Rd3 Nxe3 20.Rxe3 Rc7 21.Rd3 Rfc8 22.Rad1 Kf8
23.h3 Ke7 24.f4 h5 25.Kf2 Nd7 26.Bf3 g6 27.g4 hxg4 28.hxg4 Nc5 29.Rd4 b5
30.b4 Na4 31.a3 Nb2 32.R1d2 Nc4 33.Ra2 a5 34.bxa5 Nxa5 35.Rb4 Rc5 36.a4 bxa4
37.Raxa4 g5 38.e3 gxf4 39.exf4 R8c7 40.Rb8 Nc4 41.Rb3  1/2-1/2

[Event "6th Magistral"]
[Site "Vicente Lopez ARG"]
[Date "2003.07.28"]
[Round "5"]
[White "Panno,O"]
[Black "Cubas,Jo"]
[Result "1/2-1/2"]
[WhiteElo "2480"]
[BlackElo "2419"]

1.Nf3 d5 2.g3 Nf6 3.Bg2 Bf5 4.d3 e6 5.Nbd2 h6 6.b3 Be7 7.Bb2 O-O 8.Ne5 Bh7
9.e4 Nbd7 10.Qe2 c6 11.Nxd7 Qxd7 12.O-O a5 13.a3 a4 14.b4 Rfd8 15.Rfd1 Rac8
16.c4 c5 17.b5 dxc4 18.Nxc4 Qxb5 19.Rab1 Qa6 20.Bxf6 gxf6 21.Rb6 Qa7 22.Rdb1 Rc7
23.f4 Rd4 24.Bf1 Rcd7 25.Qc2  1/2-1/2

[Event "ch-NED Open"]
[Site "Dieren NED"]
[Date "2003.07.29"]
[Round "7"]
[White "Vogel,Ja"]
[Black "Janssen,R"]
[Result "0-1"]
[WhiteElo "2266"]
[BlackElo "2491"]

1.Nf3 d5 2.g3 Nc6 3.d4 Bg4 4.Bg2 Qd7 5.h3 Bh5 6.Bf4 O-O-O 7.c3 f6 8.Nbd2 g5
9.Be3 Nh6 10.g4 Bg6 11.Qa4 Kb8 12.O-O-O e6 13.Ne1 Nf7 14.h4 h6 15.hxg5 hxg5
16.Rxh8 Nxh8 17.c4 Nxd4  0-1

[Event "ch-NED Open"]
[Site "Dieren NED"]
[Date "2003.07.31"]
[Round "9"]
[White "Vogel,Ja"]
[Black "Dogge,M"]
[Result "1-0"]
[WhiteElo "2266"]
[BlackElo "2176"]

1.Nf3 d5 2.g3 Nc6 3.d4 Bg4 4.Bg2 Qd7 5.h3 Bh5 6.b3 O-O-O 7.Bb2 f6 8.Nbd2 e6
9.a3 Nh6 10.c4 Nf7 11.Rc1 Kb8 12.O-O g5 13.e4 Bg6 14.Re1 Bg7 15.cxd5 exd5
16.exd5 Ne7 17.Ne5 fxe5 18.dxe5 Qf5 19.g4 Qd3 20.Re3 Qa6 21.Rc5 b6 22.Bf1 Qb7
23.Rxc7 Qxc7 24.d6 Qc2 25.Qf3 Rc8 26.dxe7 Qc6 27.Qe2 Qc7 28.Bg2 a5 29.Qa6 Qa7
30.Qb5 Nd6 31.exd6 Be8 32.Be5 Rc1+ 33.Nf1 Bxe5 34.Qxe5  1-0

[Event "Open"]
[Site "Olomouc CZE"]
[Date "2003.07.31"]
[Round "2"]
[White "Tomes,Z"]
[Black "Kislov,M"]
[Result "0-1"]
[WhiteElo "2133"]
[BlackElo "2368"]

1.Nf3 d5 2.g3 Nf6 3.Bg2 c6 4.O-O Bg4 5.d3 Nbd7 6.c3 e5 7.Nbd2 a5 8.a4 Be7
9.h3 Bxf3 10.Bxf3 O-O 11.e4 dxe4 12.dxe4 Nc5 13.Qe2 Qc7 14.Nc4 Nb3 15.Rb1 b5
16.axb5 cxb5 17.Ne3 Rab8 18.Nd5 Nxd5 19.exd5 Bd6 20.g4 b4 21.Be3 bxc3 22.bxc3 Qxc3
23.Qa6 Qc7 24.Rfd1 Rb4 25.Qc6 Qe7 26.Qa6 Rfb8  0-1

[Event "Match"]
[Site "Dortmund GER"]
[Date "2003.08.01"]
[Round "2"]
[White "Belikov,V"]
[Black "Baramidze,D"]
[Result "1-0"]
[WhiteElo "2499"]
[BlackElo "2470"]

1.Nf3 d5 2.g3 Nf6 3.Bg2 e6 4.O-O Be7 5.d3 O-O 6.Nbd2 c5 7.e4 Nc6 8.Re1 b5
9.e5 Nd7 10.Nf1 f6 11.exf6 Bxf6 12.Ne3 Nde5 13.Nxe5 Nxe5 14.c4 Bb7 15.Ng4 Nxg4
16.Qxg4 e5 17.Qe6+ Kh8 18.Bxd5 Re8 19.Qxe8+ Qxe8 20.Bxb7 Rb8 21.Bd5 Qd7 22.Rb1 Rf8
23.Be3 Qd6 24.b3 h6 25.h4 Bd8 26.Be4 Ba5 27.Rec1 b4 28.Re1 Bc7 29.Re2 Qe7
30.Rbe1 Bd6 31.Bc1 Qd7 32.Kg2 h5 33.Bb2 Qf7 34.Kh1 Qd7 35.Bd5 Qh3+ 36.Kg1 Qf5
37.Be4 Qh3 38.Re3 Rf6 39.R1e2 Qg4 40.Bd5 Kh7 41.Re4 Rf4 42.R4e3 Rf8 43.Bxe5 Bxe5
44.Rxe5 Kh6 45.Kg2 a5 46.R2e3 Qd4 47.Re6+ g6 48.Be4 Rf6 49.Re8 Qb2 50.Bf3 Rf7
51.Re2 Qd4 52.Bd5 Rf5 53.Be4 Rf7 54.Rg8 Rf6 55.Rh8+ Kg7 56.Ra8  1-0